| 000 | 00525nam a22001577a 4500 | ||
|---|---|---|---|
| 005 | 20260422193630.0 | ||
| 008 | 260422b |||||||| |||| 00| 0 eng d | ||
| 020 | _a9780292715349 | ||
| 050 |
_aPN3331 _b.B2513 |
||
| 100 | _aBakhtin, M. M. | ||
| 245 |
_aThe Dialogic Imagination _bfour essays _cM. M. Bakhtin, edited by Michael Holquist, translated by Caryl Emerson & Michael Holquist |
||
| 260 |
_aAustin _bUniversity of Texas Press _c1981 |
||
| 300 |
_axxxiii. 443p. _c23cm |
||
| 700 | _aHolquist, Michael | ||
| 942 |
_2lcc _cBK _n0 |
||
| 999 |
_c9575 _d9575 |
||